<?xml version="1.0" encoding="UTF-8"?>
<record
    xmlns:xsi="http://www.w3.org/2001/XMLSchema-instance"
    xsi:schemaLocation="http://www.loc.gov/MARC21/slim http://www.loc.gov/standards/marcxml/schema/MARC21slim.xsd"
    xmlns="http://www.loc.gov/MARC21/slim">

  <leader>00472nam a22001577a 4500</leader>
  <datafield tag="999" ind1=" " ind2=" ">
    <subfield code="c">66236</subfield>
    <subfield code="d">66236</subfield>
  </datafield>
  <controlfield tag="005">20181218130738.0</controlfield>
  <datafield tag="020" ind1=" " ind2=" ">
    <subfield code="a">8177080024</subfield>
    <subfield code="c">380.00</subfield>
  </datafield>
  <datafield tag="035" ind1=" " ind2=" ">
    <subfield code="a">A-993298, A-993297</subfield>
  </datafield>
  <datafield tag="037" ind1=" " ind2=" ">
    <subfield code="a">DPL</subfield>
    <subfield code="b">ENG</subfield>
  </datafield>
  <datafield tag="100" ind1=" " ind2=" ">
    <subfield code="a">Mathur, Vibha</subfield>
  </datafield>
  <datafield tag="245" ind1=" " ind2=" ">
    <subfield code="a">Foreign trade in India :</subfield>
    <subfield code="b">Policy and developments 1950-2000 /</subfield>
    <subfield code="c">by Vibha Mathur</subfield>
  </datafield>
  <datafield tag="260" ind1=" " ind2=" ">
    <subfield code="a">Delhi</subfield>
    <subfield code="b">New Century Publications</subfield>
    <subfield code="c">2000</subfield>
  </datafield>
  <datafield tag="300" ind1=" " ind2=" ">
    <subfield code="a">xvi, 181p.</subfield>
    <subfield code="c">20 cms.</subfield>
  </datafield>
  <datafield tag="942" ind1=" " ind2=" ">
    <subfield code="2">ddc</subfield>
    <subfield code="c">EN</subfield>
    <subfield code="h">382.0954</subfield>
    <subfield code="m">MAT</subfield>
  </datafield>
  <datafield tag="952" ind1=" " ind2=" ">
    <subfield code="0">0</subfield>
    <subfield code="1">0</subfield>
    <subfield code="4">0</subfield>
    <subfield code="7">0</subfield>
    <subfield code="8">NFIC</subfield>
    <subfield code="a">ZLS</subfield>
    <subfield code="b">ZLS</subfield>
    <subfield code="d">2012-05-05</subfield>
    <subfield code="g">380.00</subfield>
    <subfield code="l">1</subfield>
    <subfield code="o">382.0954 MAT</subfield>
    <subfield code="p">A-993298</subfield>
    <subfield code="r">2019-11-24 00:00:00</subfield>
    <subfield code="s">2019-11-19</subfield>
    <subfield code="v">380.00</subfield>
    <subfield code="w">2012-05-05</subfield>
    <subfield code="y">EN</subfield>
  </datafield>
  <datafield tag="952" ind1=" " ind2=" ">
    <subfield code="0">0</subfield>
    <subfield code="1">0</subfield>
    <subfield code="4">0</subfield>
    <subfield code="7">0</subfield>
    <subfield code="8">NFIC</subfield>
    <subfield code="a">BL1</subfield>
    <subfield code="b">BL1</subfield>
    <subfield code="d">2018-07-12</subfield>
    <subfield code="e">BPPD/PUB</subfield>
    <subfield code="g">380.00</subfield>
    <subfield code="l">0</subfield>
    <subfield code="o">382.0954 MAT</subfield>
    <subfield code="p">A-993297</subfield>
    <subfield code="r">2018-07-12 00:00:00</subfield>
    <subfield code="v">380.00</subfield>
    <subfield code="w">2018-07-12</subfield>
    <subfield code="y">EN</subfield>
  </datafield>
</record>
